Famous Brothers Quiz Stats

 Plays Quiz Updated Oct 1, 2018

Score 0/30 Timer 10:00
4 Plays Today
Hint Answer % Correct
Bugs Bunny's film studioWarner Bros
90.6%
Invented the airplaneWright Brothers
83.1%
Belushi and Aykroyd bandBlues Brothers
81.5%
Nintendo's pair of plumbersMario Bros
81%
Chico, Harpo, Groucho, Gummo, and ZeppoMarx Brothers
75.3%
Will Ferrell and John C. Reilly movieStep Brothers
73.4%
Fairy Tale collectorsBrothers Grimm
66.2%
10 part television WW II mini-seriesBand of Brothers
63.5%
Disney Channel Teen SensationJonas Brothers
60.7%
Non-profit youth mentoring organizationBig Brothers Big Sisters of America
56.3%
Fargo filmmaking familyCoen Brothers
53.4%
In Living Color's Shawn and MarlonWayans Bros.
52.6%
Monopoly board makersParker Brothers
47.1%
Barnum & Bailey Circus partnersRingling Brothers
42.1%
Rock band who sang 'China Grove'Doobie Brothers
37.6%
Hint Answer % Correct
Recently bankrupt financial services firmLehman Brothers
35.6%
Fine Suit RetailerBrooks Brothers
34.4%
Sang 'You've Lost That Lovin' Feelin'The Righteous Brothers
33%
Female American psychologistDr. Joyce Brothers
30.1%
Tom and Dick folksy comedy duoSmothers Brothers
29.3%
Sang 'Wake Up Little Susie'The Everly Brothers
29%
'There's Something About Mary' FilmmakersFarrelly Brothers
24.2%
Dire Straits studio albumBrothers in Arms
22.2%
Sang 'Black Hearted Woman'Allman Brothers Band
20%
Fyodor Dostoevsky NovelThe Brothers Karamazov
18.4%
Slap Shot Hockey FamilyHanson Brothers
15.4%
Electronic musical duoThe Chemical Brothers
11.5%
New Orleans' First Family of FunkThe Neville Brothers
8.5%
Country and Gospel BandStatler Brothers
5.5%
Cavemen of Wacky RacesSlag Brothers
2.4%

You're not logged in!

Compare scores with friends on all Sporcle quizzes.
OR
Log In

Sporcle TV

Today on Sporcle TV


Watch our educational content, quiz creation guides, and fun videos on Sporcle TV.

Show Comments

Extras

Top Quizzes Today


Score Distribution

Your Account Isn't Verified!

In order to create a playlist on Sporcle, you need to verify the email address you used during registration. Go to your Sporcle Settings to finish the process.

Report this User

Report this user for behavior that violates our Community Guidelines.

Details: